| 000 | 01002nam a2200241 a 4500 | ||
|---|---|---|---|
| 001 | BRL_482 | ||
| 005 | 20190320210749.0 | ||
| 008 | 190813s1994----mx-ab#####---#000-0#spa-# | ||
| 020 | _a9686963367 (Obra completa) | ||
| 041 | _aspa | ||
| 044 | _amx | ||
| 050 | 4 |
_aN6550 _b.M49 1994 |
|
| 245 | 1 | 0 | _aMéxico en el mundo de las colecciones de arte. |
| 260 |
_aMéxico _bCONACULTA : UNAM, Instituto de Investigaciones Estéticas : Secretaría de Relaciones Exteriores _c1994 |
||
| 300 |
_a7 v. _bil. (algunas a color), mapas _c29 cm. |
||
| 500 | _av.1. Au506, v.2. Au505, v.3. Au508, v.4. Au507, v.5. Au509, v.6. Au510, v.7. Au511 | ||
| 504 | _aIncluye referencias bibliográficas | ||
| 505 | 0 | _aContenido : v.1. Mesoamérica 1. -- v.2. Mesoamérica 2. -- v.3. Nueva España 1. -- v.4. Nueva España 2. -- v.5 México moderno. -- v.6. México contemporáneo 1. -- v.7. México contemporáneo 2 | |
| 650 | 1 | 4 |
_aArte mexicano _92321 |
| 650 | 1 | 4 |
_aArte _zMéxico _924059 |
| 902 | _aGRL | ||
| 942 |
_2lcc _cB |
||
| 999 |
_c9294 _d9294 |
||